| 000 | 00000nam 2200000za 4500 |
| 001 | 9.643856 |
| 003 | CaOODSP |
| 005 | 20240624082233 |
| 007 | cr ||||||||||| |
| 008 | 150407|1915||||xxc|||||o f|0| 0 fre d |
| 040 | |aCaOODSP|bfre |
| 043 | |an-cn--- |
| 086 | 1 |aCP32-97/1915F-PDF |
| 245 | 00|aCommission d'enquête sur le coût de la vie - rapport de la Commission |h[ressource électronique] / |cJohn McDougald, président. |
| 246 | 17|aCommission d'enquête sur le coût de la vie au Canada |
| 260 | |aOttawa : |bBureau du Conseil privé, |c1915. |
| 300 | |a89, 151, 148, 129, 183, 115, 93, 101 p.|bgraphiques |
| 500 | |aPublication historique numérisée en 2012 par le Bureau du Conseil privé du Canada. |
| 590 | |a15-04-Supp|b2015-03-19 |
| 691 | 07|aCommission d'enquête|2gcpds |
| 691 | 07|aConditions économiques|2gcpds |
| 691 | 07|aNiveau de vie|2gcpds |
| 710 | 1 |aCanada. |bBureau du Conseil privé. |
| 775 | 08|tBoard of Inquiry into Cost of Living - report of the Board. Volume I / |w(CaOODSP)9.699902 |
| 856 | 40|ahttp://publications.gc.ca|qPDF|s8.44 Mo|uhttps://publications.gc.ca/collections/collection_2014/bcp-pco/CP32-97-1915-8-fra.pdf |
| 856 | 40|ahttp://publications.gc.ca|qPDF|s7.12 Mo|uhttps://publications.gc.ca/collections/collection_2014/bcp-pco/CP32-97-1915-4-fra.pdf |
| 856 | 40|ahttp://publications.gc.ca|qPDF|s9.0 Mo|uhttps://publications.gc.ca/collections/collection_2014/bcp-pco/CP32-97-1915-3-fra.pdf |
| 856 | 40|ahttp://publications.gc.ca|qPDF|s10.79 Mo|uhttps://publications.gc.ca/collections/collection_2014/bcp-pco/CP32-97-1915-5-fra.pdf |
| 856 | 40|ahttp://publications.gc.ca|qPDF|s9.78 Mo|uhttps://publications.gc.ca/collections/collection_2014/bcp-pco/CP32-97-1915-2-fra.pdf |
| 856 | 40|ahttp://publications.gc.ca|qPDF|s6.80 Mo|uhttps://publications.gc.ca/collections/collection_2014/bcp-pco/CP32-97-1915-1-fra.pdf |
| 856 | 40|ahttp://publications.gc.ca|qPDF|s6.75 Mo|uhttps://publications.gc.ca/collections/collection_2014/bcp-pco/CP32-97-1915-7-fra.pdf |
| 856 | 40|ahttp://publications.gc.ca|qPDF|s8.50 Mo|uhttps://publications.gc.ca/collections/collection_2014/bcp-pco/CP32-97-1915-6-fra.pdf |